<?xml version="1.0" encoding="UTF-8"?><marc:collection xmlns:marc="http://www.loc.gov/MARC21/slim">
  <marc:record>
    <marc:leader>01385cam a2200361 c 4500</marc:leader>
    <marc:controlfield tag="001">616064187</marc:controlfield>
    <marc:controlfield tag="003">DE-627</marc:controlfield>
    <marc:controlfield tag="005">20250217010105.0</marc:controlfield>
    <marc:controlfield tag="007">tu</marc:controlfield>
    <marc:controlfield tag="008">100108s1996    fr |||||      00| ||fre c</marc:controlfield>
    <marc:datafield tag="020" ind1=" " ind2=" ">
      <marc:subfield code="a">2070394905</marc:subfield>
      <marc:subfield code="9">2-07-039490-5</marc:subfield>
    </marc:datafield>
    <marc:datafield tag="020" ind1=" " ind2=" ">
      <marc:subfield code="a">9782070394906</marc:subfield>
      <marc:subfield code="9">978-2-07-039490-6</marc:subfield>
    </marc:datafield>
    <marc:datafield tag="035" ind1=" " ind2=" ">
      <marc:subfield code="a">(DE-627)616064187</marc:subfield>
    </marc:datafield>
    <marc:datafield tag="035" ind1=" " ind2=" ">
      <marc:subfield code="a">(DE-599)GBV616064187</marc:subfield>
    </marc:datafield>
    <marc:datafield tag="035" ind1=" " ind2=" ">
      <marc:subfield code="a">(OCoLC)549599977</marc:subfield>
    </marc:datafield>
    <marc:datafield tag="040" ind1=" " ind2=" ">
      <marc:subfield code="a">DE-627</marc:subfield>
      <marc:subfield code="b">ger</marc:subfield>
      <marc:subfield code="c">DE-627</marc:subfield>
      <marc:subfield code="e">rakwb</marc:subfield>
    </marc:datafield>
    <marc:datafield tag="041" ind1=" " ind2=" ">
      <marc:subfield code="a">fre</marc:subfield>
    </marc:datafield>
    <marc:datafield tag="044" ind1=" " ind2=" ">
      <marc:subfield code="c">XA-FR</marc:subfield>
    </marc:datafield>
    <marc:datafield tag="100" ind1="1" ind2=" ">
      <marc:subfield code="a">Eliade, Mircea</marc:subfield>
      <marc:subfield code="d">1907-1986</marc:subfield>
      <marc:subfield code="0">(DE-588)118529803</marc:subfield>
      <marc:subfield code="0">(DE-627)224521608</marc:subfield>
      <marc:subfield code="0">(DE-576)160851017</marc:subfield>
      <marc:subfield code="4">aut</marc:subfield>
    </marc:datafield>
    <marc:datafield tag="240" ind1="1" ind2="0">
      <marc:subfield code="a">Nouăsprezece trandafiri &lt;franz.&gt;</marc:subfield>
    </marc:datafield>
    <marc:datafield tag="245" ind1="1" ind2="4">
      <marc:subfield code="a">Les dix-neuf roses</marc:subfield>
      <marc:subfield code="c">Mircea Eliade. Trad. du roumain par Alain Paruit</marc:subfield>
    </marc:datafield>
    <marc:datafield tag="264" ind1=" " ind2="1">
      <marc:subfield code="a">[Paris]</marc:subfield>
      <marc:subfield code="b">Gallimard</marc:subfield>
      <marc:subfield code="c">1996</marc:subfield>
    </marc:datafield>
    <marc:datafield tag="300" ind1=" " ind2=" ">
      <marc:subfield code="a">225 S</marc:subfield>
    </marc:datafield>
    <marc:datafield tag="336" ind1=" " ind2=" ">
      <marc:subfield code="a">Text</marc:subfield>
      <marc:subfield code="b">txt</marc:subfield>
      <marc:subfield code="2">rdacontent</marc:subfield>
    </marc:datafield>
    <marc:datafield tag="337" ind1=" " ind2=" ">
      <marc:subfield code="a">ohne Hilfsmittel zu benutzen</marc:subfield>
      <marc:subfield code="b">n</marc:subfield>
      <marc:subfield code="2">rdamedia</marc:subfield>
    </marc:datafield>
    <marc:datafield tag="338" ind1=" " ind2=" ">
      <marc:subfield code="a">Band</marc:subfield>
      <marc:subfield code="b">nc</marc:subfield>
      <marc:subfield code="2">rdacarrier</marc:subfield>
    </marc:datafield>
    <marc:datafield tag="490" ind1="1" ind2=" ">
      <marc:subfield code="a">Collection Folio</marc:subfield>
      <marc:subfield code="v">2825</marc:subfield>
    </marc:datafield>
    <marc:datafield tag="700" ind1="1" ind2=" ">
      <marc:subfield code="8">1\p</marc:subfield>
      <marc:subfield code="a">Paruit, Alain</marc:subfield>
      <marc:subfield code="d">1939-2009</marc:subfield>
      <marc:subfield code="0">(DE-588)1241971315</marc:subfield>
      <marc:subfield code="0">(DE-627)1771821116</marc:subfield>
      <marc:subfield code="4">oth</marc:subfield>
    </marc:datafield>
    <marc:datafield tag="700" ind1="1" ind2="2">
      <marc:subfield code="a">Eliade, Mircea</marc:subfield>
      <marc:subfield code="d">1907-1986</marc:subfield>
      <marc:subfield code="t">Nouăsprezece trandafiri &lt;franz.&gt;</marc:subfield>
    </marc:datafield>
    <marc:datafield tag="830" ind1=" " ind2="0">
      <marc:subfield code="a">Collection Folio</marc:subfield>
      <marc:subfield code="v">2825</marc:subfield>
      <marc:subfield code="9">2825.1996</marc:subfield>
      <marc:subfield code="w">(DE-627)319883086</marc:subfield>
      <marc:subfield code="w">(DE-576)003396738</marc:subfield>
      <marc:subfield code="w">(DE-600)1156204-3</marc:subfield>
      <marc:subfield code="x">0768-0732</marc:subfield>
      <marc:subfield code="7">am</marc:subfield>
    </marc:datafield>
    <marc:datafield tag="883" ind1=" " ind2=" ">
      <marc:subfield code="8">1\p</marc:subfield>
      <marc:subfield code="a">cgwrk</marc:subfield>
      <marc:subfield code="d">20241001</marc:subfield>
      <marc:subfield code="q">DE-101</marc:subfield>
      <marc:subfield code="u">https://d-nb.info/provenance/plan#cgwrk</marc:subfield>
    </marc:datafield>
    <marc:datafield tag="924" ind1="0" ind2=" ">
      <marc:subfield code="a">1108576656</marc:subfield>
      <marc:subfield code="b">DE-46</marc:subfield>
      <marc:subfield code="9">46</marc:subfield>
      <marc:subfield code="c">GBV</marc:subfield>
      <marc:subfield code="d">c</marc:subfield>
      <marc:subfield code="g">a rom 982 eli 3/529</marc:subfield>
      <marc:subfield code="h">E03</marc:subfield>
    </marc:datafield>
    <marc:datafield tag="951" ind1=" " ind2=" ">
      <marc:subfield code="a">BO</marc:subfield>
    </marc:datafield>
  </marc:record>
</marc:collection>
